|
|
|
|
| LEADER |
00888nam a2200241 a 4500 |
| 001 |
GR-Patra15731 |
| 008 |
030725s2000 gr g 000 0 eng d |
| 020 |
|
|
|a 084930699X
|
| 040 |
|
|
|a GrPaTEI
|b gre
|c GR-PaULI
|
| 040 |
|
|
|a GrPaTEI
|b gre
|c GR-PaULI
|
| 082 |
|
0 |
|a 696
|2 21
|
| 100 |
1 |
|
|a Boed, Viktor
|
| 245 |
1 |
0 |
|a Networking and integration of facilities automation systems /
|c Viktor Boed.
|
| 260 |
|
|
|a Boca Raton :
|b CRC Press,
|c c2000
|
| 300 |
|
|
|a 249σ.
|
| 504 |
|
|
|a Bibliography: p.239-240
|
| 650 |
|
0 |
|a Commercial buildings
|x Automation
|
| 650 |
|
0 |
|a Digital control systems
|
| 650 |
|
0 |
|a Intelligent buildings
|
| 942 |
|
|
|2 ddc
|
| 952 |
|
|
|0 0
|1 0
|2 ddc
|4 0
|6 696_000000000000000_BOE
|7 0
|9 295065
|a LISK
|b LISK
|c BSC
|d 2021-01-17
|e 24
|f 0
|g 0.00
|l 0
|o 696 BOE
|p 92410018489
|r 2021-01-17 00:00:00
|t 1
|w 2021-01-17
|y BK15
|x 20030725 0 1
|x GrPaTEI
|
| 971 |
|
|
|a .b26632469
|b 15-04-20
|c 23-09-16
|
| 999 |
|
|
|c 172147
|d 172147
|